01074cam a2200241 4500001001300000003000400013005001700017008004100034010002300075040003100098110002900129245004500158260004900203300003500252490002900287500003700316504002900353505034700382650002100729650001500750830005000765999001700815gs 65000302 DLC20260227111417.0690710s1965 dcua b 00000 eng c ags 65000302 //r862 aU.S. Geol. Survey. Library20aGeological Survey (U.S.)10aChemistry of manganese in natural water.0 a[Washington,bU.S. Govt. Print. Off.,c1965] a4 pts. in 1 v.billus.c24 cm.1 aWater-supply paperv1667 aIssued as separate chapters A-D. aIncludes bibliographies.0 apt. A. Chemical equilibria and rates of manganese oxidation, by J. D. Hem.--pt. B. Deposition and solution of manganese oxides, by J. D. Hem.--pt. C. Intracellular and extracellular concentration of manganese and other elements by aquatic organisms, by E. T. Oborn.--pt. D. Reduction and complexing of manganese by gallic acids, by J. D. Hem. 0aWaterxAnalysis. 0aManganese. 0aGeological Survey water-supply paper ;v1667. c30066d30066